| 000 | 00384nam a2200133 a 4500 | ||
|---|---|---|---|
| 001 | 000035295 | ||
| 005 | 20200930074234.0 | ||
| 008 | 111027s19uu xx 000 0 spa d | ||
| 040 |
_aDO-SdBNP _bspa _cBNPHU |
||
| 100 | 1 |
_aMira, Marcelo _961063 |
|
| 245 | 1 | 0 |
_aBateria desde el primer día / _cMarcelo Mira. |
| 260 |
_as.l], : _b[s.n.], _c[199-?]. |
||
| 300 |
_a20 p. : _bil., mús. ; _c28 cm. |
||
| 999 |
_c34786 _d34786 |
||